Men of 3rd North Quiz Stats

 Plays Quiz not verified by Sporcle

Challenge
Share
Tweet
Embed
Score 0/28 Timer 04:00
0 Plays Today
MEN Name % Correct
MANRyne Able
100%
MANMatt Termeer
94.1%
MANSam Walker
94.1%
MANDavid Hudson
94.1%
MANDerek Nicksich
88.2%
MANJared Reno
82.4%
MANBrad Scott
82.4%
MANJeremy Troyer
82.4%
MANJoe Hurtak
82.4%
MANJacob Ray
82.4%
MANAaron Taylor
82.4%
MANAndrew Frazier
82.4%
MANNathan Kibler
76.5%
MANMitchell Bustillo
76.5%
MEN Name % Correct
MANJoel Simpson
76.5%
MANByron Thiele
76.5%
MANMatt Edwards
76.5%
MANWes Tripp
76.5%
MANGraham Siemon
76.5%
MANAaron Sheets
70.6%
MANBraden Hammond
70.6%
MANRobert Gentry
70.6%
MANIan Schweitzer
70.6%
MANKyndrick Hodson
64.7%
MANIsaac Leimeister
64.7%
MANDaniel Baranowski
64.7%
MANDeontae Kelly
64.7%
MANJustin Brown
58.8%

You're not logged in!

Compare scores with friends on all Sporcle quizzes.
Join for Free
OR
Log In

You Might Also Like...

Show Comments

Extras

Created Jan 29, 2010ReportNominate
Tags:3rd, men, north, origin

Top Quizzes Today


Score Distribution

Your Account Isn't Verified!

In order to create a playlist on Sporcle, you need to verify the email address you used during registration. Go to your Sporcle Settings to finish the process.

Report this User

Report this user for behavior that violates our Community Guidelines.

Details: